Zasadali ministri práce OECD

V dňoch 29.-30.- septembra 2003 sa konalo v Paríži zasadnutie ministrov práce a zamestnanosti členských krajín OECD. Zamestnanosť a nezamestnanosť v krajinách OECD. Mobilizácia málo zastúpených skupín. Zvyšovanie kvalifikácie a zlepšovanie kariérneho rastu. Komuniké zo zasadnutia ministrov.

Enregistré dans:
Détails bibliographiques
Auteur principal: Bujnovská, Daniela
Format: Chapitre de livre
Langue:slovaque
Sujets:
Tags: Ajouter un tag
Pas de tags, Soyez le premier à ajouter un tag!

MARC

LEADER 00000naa$a2200000$$$4500
001 0004285
005 20231002091023.3
041 0 |a slo 
044 |a SK 
245 1 0 |a Zasadali ministri práce OECD  |c aut. Daniela Bujnovská 
520 |a V dňoch 29.-30.- septembra 2003 sa konalo v Paríži zasadnutie ministrov práce a zamestnanosti členských krajín OECD. Zamestnanosť a nezamestnanosť v krajinách OECD. Mobilizácia málo zastúpených skupín. Zvyšovanie kvalifikácie a zlepšovanie kariérneho rastu. Komuniké zo zasadnutia ministrov. 
610 2 0 |a zamestnanosť 
610 2 0 |a nezamestnanosť 
610 2 0 |a miera nezamestnanosti 
610 2 0 |a trh práce 
610 2 0 |a kvalifikácia 
610 2 0 |a kariéra 
610 2 0 |a OECD 
100 1 |a Bujnovská, Daniela